00431nam a2200145Ia 4500008004100000020001500041041001200056082001100068100002300079245010800102260003200210300000800242650001600250700001900266221030s9999 xx 000 0 und d a8173198687 aEnglish a105.23 aD. K. Bhattacharya 0aNetworks, Security & Soft Computing - Trends & Future Directionscby D. K. Bhattacharya, S. M. Hazarika bNarosa PubaNew Delhic2007 a238 aBE Computer aS. M. Hazarika